Provinzen der Niederlande in 1816 auf einer Karte - Statistiken

Allgemein
  • Dieses Quiz wurde 194 mal gespielt
  • Das Durchschnittsergebnis liegt bei 8 aus 19
Antworten auf der Karte
Die Antworten werden auf der Karte rot bzw. grün angezeigt, abhängig davon wie oft sie richtig erraten wurden.
 
Antwortstatistiken
Provinz % Korrekt
Holland
79%
Friesland
74%
Utrecht
67%
Zeeland
66%
Groningen
64%
Limburg
60%
Luxemburg
47%
Antwerpen
45%
Gelderland
36%
Nordbrabant
36%
Lüttich
31%
Overijssel
29%
Drenthe
25%
Südbrabant
25%
Westflandern
24%
Ostflandern
23%
Namur
21%
Hennegau
19%
Neutral-Moresnet
5%
Keine übereinstimmenden Quizze gefunden
Verteilung der Resultate
Anzahl Personen mit jedem Resultat
Perzentil nach korrekt beantworteten Fragen
Ihre Resultats-Entwicklung
Sie haben dieses Quiz noch nicht gespielt